000 00798nam a22002897a 4500
001 BR9903442
003 BR-BrBNA
005 20230928100429.0
007 ta
008 230509b bl.||||| |||| 00| 0 por d
040 _aBR-BrBNA
_bpor
_cBiblioteca Nacional de Agricultura
041 _a(Por)
072 _aM12
090 _ M12 BR9903442
100 1 _aKubitza, F.
110 1 _aServico de Apoio as Micro e Pequenas Empresas do Estado de Mato Grosso, Cuiaba (Brasil)
_99297
245 1 _aSistemas de pesca recreativa
_bColecao Agroindustria, v. 9
250 1 _a2. ed.
260 3 _aCuiaba, MT (Brasil):
_c1998.
300 _a75 p.
500 _a8 illus.
650 _aPesca
650 _aEstocagem
650 _aPiscicultura
909 _a202309
_bLucia
_c55
_dLucia Elande
942 _cBK
999 _c61293
_d61293